| 000 | 00519cam a22002171 4500 | ||
|---|---|---|---|
| 001 | sa 63003242 | ||
| 003 | DLC | ||
| 005 | 20260227111940.0 | ||
| 008 | 890510s1962 ii 000 0 hino | ||
| 010 | _asa 63003242 | ||
| 035 | _a(OCoLC)19688759 | ||
| 040 |
_aDLC _cWaU _dDLC |
||
| 042 | _apremarc | ||
| 050 | 0 | 0 |
_aPK2098.B22 _bC3 |
| 100 | 1 |
_aBaccana, _d1907-2003. |
|
| 245 | 1 | 0 | _aCāra kheme cauṃsaṭha khūn̐ṭe. |
| 260 | _c[1962] | ||
| 300 |
_a201 p. _c19 cm. |
||
| 500 | _aIn Hindi. | ||
| 500 | _aPoems. | ||
| 999 |
_c54977 _d54977 |
||